| 000 | 00740 a2200205 4500 | ||
|---|---|---|---|
| 005 | 20180129153811.0 | ||
| 008 | 161215s2015 ck ||||fr|||| 000 0 spa d | ||
| 020 | _a9789589959176 | ||
| 040 |
_aCO-BoUCM _bspa _cSandra Palacio (modificó) _dSaul Niño |
||
| 041 | 0 | _aspa | |
| 100 | 1 | 0 |
_aLew de Holguín, Claire _983198 |
| 245 | 1 | 0 |
_aCaminos de ronda _cClaire Lew de Holguín |
| 260 |
_aMedellín (Colombia) _bBiblioteca Pública Piloto de Medellín _c2015 |
||
| 300 | _a194 páginas | ||
| 490 | 0 |
_aBiblioteca Pública Piloto de Medellín _x147 |
|
| 650 | 7 |
_aPoesía colombiana _ySiglo XXI _952753 |
|
| 690 |
_aLiteratura colombiana _918629 |
||
| 942 |
_cLIBRO _2DEWEY _a18 _e1 _h861.44 _mL669ca _kC |
||
| 999 |
_c305730 _d305730 |
||